[Event "Fagernes GM Open 2014"]
[Site "Fagernes NOR"]
[Date "2014.04.13"]
[Round "1.21"]
[White "Jorgensen, Line Jin"]
[Black "Wallace, John Paul"]
[Result "0-1"]
[BlackTitle "IM"]
[WhiteElo "1926"]
[BlackElo "2402"]
[WhiteFideId "1505467"]
[BlackFideId "3200957"]
[EventDate "2014.04.13"]

1. d4 Nf6 2. c4 g6 3. Nc3 Bg7 4. e4 d6 5. f4 O-O 6. Nf3 c5 7. d5 e6 8. dxe6 Bxe6
9. Bd3 Bg4 10. O-O Nc6 11. Qe1 Re8 12. Qh4 Bxf3 13. Rxf3 Nd7 14. Qxd8 Raxd8 15.
Bd2 a6 16. Rd1 Rb8 17. Rff1 Bd4+ 18. Kh1 Nf6 19. h3 Nb4 20. Bb1 b5 21. cxb5 axb5
22. Bc1 Nc6 23. Kh2 b4 24. Nd5 Nxd5 25. exd5 Ne7 26. Bd3 Nxd5 27. f5 Nb6 28. Bf4
Be5 29. Bb5 Bxf4+ 30. Rxf4 Red8 31. fxg6 hxg6 32. b3 Kg7 33. Bc6 Rbc8 34. Bb5 d5
35. Rdf1 Rc7 36. Rf6 Nc8 37. R6f4 Nd6 38. Bd3 Ra8 39. Bb1 Nb5 40. R4f2 Nc3 41.
h4 Rca7 42. Rd2 d4 43. h5 Nxb1 44. Rxb1 Rxa2 45. Rxa2 Rxa2 46. hxg6 Kxg6 47. Rc1
Ra5 48. Kg3 Kf5 49. Kf3 Ke5 50. Re1+ Kd6 0-1

[Event "Fagernes GM Open 2014"]
[Site "Fagernes NOR"]
[Date "2014.04.14"]
[Round "2.1"]
[White "Svane, Rasmus"]
[Black "Romanov, Evgeny"]
[Result "0-1"]
[WhiteTitle "IM"]
[BlackTitle "GM"]
[WhiteElo "2487"]
[BlackElo "2642"]
[WhiteFideId "4657101"]
[BlackFideId "4148843"]
[EventDate "2014.04.13"]

1. Nf3 Nf6 2. c4 b6 3. g3 c5 4. Bg2 Bb7 5. O-O g6 6. d4 cxd4 7. Qxd4 Bg7 8. Nc3
d6 9. Qh4 h6 10. Rd1 Nbd7 11. Be3 Rc8 12. b3 Nc5 13. Rac1 Nce4 14. Nxe4 Bxe4 15.
Nd4 Bxg2 16. Kxg2 g5 17. Qh3 g4 18. Qh4 Rc5 19. Ne6 fxe6 20. Bxc5 bxc5 21. h3
Qa8+ 22. f3 h5 23. hxg4 Nxg4 24. Rd3 Bf6 25. Qh3 Kd7 26. Re1 Ne5 27. Rdd1 h4 28.
g4 Nxg4 0-1

[Event "Fagernes GM Open 2014"]
[Site "Fagernes NOR"]
[Date "2014.04.14"]
[Round "2.2"]
[White "Gajewski, Grzegorz"]
[Black "Donchenko, Alexander"]
[Result "1-0"]
[WhiteTitle "GM"]
[BlackTitle "IM"]
[WhiteElo "2631"]
[BlackElo "2471"]
[WhiteFideId "1116207"]
[BlackFideId "24603295"]
[EventDate "2014.04.13"]

1. d4 d5 2. c4 dxc4 3. e4 e5 4. Nf3 Bb4+ 5. Nc3 exd4 6. Nxd4 Nd7 7. Bxc4 Ngf6 8.
O-O O-O 9. Bg5 Bxc3 10. bxc3 h6 11. Bxf6 Qxf6 12. f4 Qe7 13. e5 Nb6 14. Bd3 Rd8
15. Bc2 Qc5 16. Qd3 g6 17. f5 Bxf5 18. Rxf5 gxf5 19. Re1 Nd5 20. Qxf5 Nxc3 21.
Rf1 Qxd4+ 22. Kh1 Qc4 23. e6 Qxe6 24. Qh7+ Kf8 25. Qh8+ Ke7 26. Qxc3 Kf8 27. h3
Re8 28. Bb3 Qg6 29. Qh8+ Ke7 30. Re1+ Kd7 31. Qd4+ Qd6 32. Qg4+ Kc6 33. Ba4+ b5
34. Qc4+ Kb7 35. Qxb5+ Qb6 36. Rxe8 Rxe8 37. Qxb6+ 1-0

[Event "Fagernes GM Open 2014"]
[Site "Fagernes NOR"]
[Date "2014.04.14"]
[Round "2.3"]
[White "Lie, Espen"]
[Black "Postny, Evgeny"]
[Result "0-1"]
[WhiteTitle "IM"]
[BlackTitle "GM"]
[WhiteElo "2460"]
[BlackElo "2630"]
[WhiteFideId "1502611"]
[BlackFideId "2804344"]
[EventDate "2014.04.13"]

1. Nf3 d5 2. g3 c6 3. Bg2 Bg4 4. O-O Nd7 5. d4 e6 6. Nbd2 Ngf6 7. Re1 Be7 8. h3
Bh5 9. c4 O-O 10. Qb3 Qb6 11. e3 Rfe8 12. Qa4 Qc7 13. e4 Bg6 14. e5 Ne4 15. cxd5
Nb6 16. Qa5 Nxd2 17. Bxd2 Nxd5 18. Qxc7 Nxc7 19. Bc3 Red8 20. Rad1 Rd7 21. Bf1
a5 22. Bd3 a4 23. Bxg6 hxg6 24. Nd2 a3 25. b3 Nd5 26. Ne4 Rad8 27. Ba1 Nb4 28.
Rd2 c5 29. Red1 cxd4 30. Bxd4 Nxa2 31. Rxa2 Rxd4 32. Rxd4 Rxd4 33. Nd6 Bxd6 34.
exd6 Rxd6 35. Rxa3 Ra6 36. Rxa6 bxa6 37. Kf1 Kf8 38. Ke2 Ke7 39. Kd3 Kd6 40. Kc4
Kc6 41. h4 a5 42. Kd4 Kb5 43. Kc3 e5 44. Kb2 Kb4 45. Kc2 e4 46. Kb2 Kc5 47. Kc3
Kd5 0-1

[Event "Fagernes GM Open 2014"]
[Site "Fagernes NOR"]
[Date "2014.04.14"]
[Round "2.4"]
[White "Rozentalis, Eduardas"]
[Black "Houska, Jovanka"]
[Result "1/2-1/2"]
[WhiteTitle "GM"]
[BlackTitle "IM"]
[WhiteElo "2624"]
[BlackElo "2410"]
[WhiteFideId "12800023"]
[BlackFideId "405094"]
[EventDate "2014.04.13"]

1. e4 c6 2. d4 d5 3. f3 dxe4 4. fxe4 e5 5. Nf3 Bg4 6. Bc4 Nd7 7. c3 Bh5 8. O-O
Ngf6 9. Bg5 Bd6 10. Nbd2 h6 11. Bxf6 Nxf6 12. Qb3 O-O 13. Qxb7 Rb8 14. Qxc6 Rxb2
15. Rab1 Rxb1 16. Rxb1 exd4 17. cxd4 Bf4 18. e5 Bxd2 19. exf6 Bxf3 20. gxf3
Qxd4+ 21. Kh1 1/2-1/2

[Event "Fagernes GM Open 2014"]
[Site "Fagernes NOR"]
[Date "2014.04.14"]
[Round "2.5"]
[White "Galinsky, Timofey"]
[Black "Shankland, Samuel L"]
[Result "0-1"]
[WhiteTitle "IM"]
[BlackTitle "GM"]
[WhiteElo "2427"]
[BlackElo "2616"]
[WhiteFideId "14104164"]
[BlackFideId "2004887"]
[EventDate "2014.04.13"]

1. d4 Nf6 2. Nf3 g6 3. c3 Bg7 4. Bg5 O-O 5. Nbd2 d5 6. e3 Nbd7 7. Bd3 Re8 8. h3
e5 9. dxe5 Nxe5 10. Nxe5 Rxe5 11. Bf4 Re8 12. O-O c6 13. Re1 Be6 14. Nb3 Qb6 15.
Qc2 c5 16. c4 dxc4 17. Bxc4 Nd5 18. Bxd5 Bxd5 19. Red1 Be4 20. Qe2 Qb4 21. Rd2
Rad8 22. Rxd8 Rxd8 23. Rd1 Re8 24. Rd2 Bc6 25. f3 h6 26. e4 f5 27. Bd6 fxe4 28.
Bxc5 Qa4 29. f4 e3 30. Rd6 Bb5 31. Qe1 Qxf4 32. Rxg6 e2 33. Bf2 Rd8 34. Rg4 Qxg4
35. hxg4 Rd1 36. Kh2 Rxe1 37. Bxe1 Bxb2 38. Kg3 b6 39. Kf3 a5 40. Nd2 a4 41. Nb1
a3 42. Ke3 Bc4 43. Nc3 b5 44. Nb1 0-1

[Event "Fagernes GM Open 2014"]
[Site "Fagernes NOR"]
[Date "2014.04.14"]
[Round "2.6"]
[White "Turov, Maxim"]
[Black "Getz, Nicolai"]
[Result "1-0"]
[WhiteTitle "GM"]
[BlackTitle "IM"]
[WhiteElo "2593"]
[BlackElo "2388"]
[WhiteFideId "4120086"]
[BlackFideId "1505572"]
[EventDate "2014.04.13"]

1. d4 Nf6 2. c4 d6 3. Nc3 e5 4. Nf3 Nc6 5. d5 Ne7 6. e4 Ng6 7. g3 Be7 8. Bg2 h5
9. h4 c6 10. Ng5 cxd5 11. Nxd5 Nf8 12. b3 Nxd5 13. Qxd5 Ne6 14. Nxe6 Bxe6 15.
Qxb7 a5 16. Qc6+ Kf8 17. Be3 Rc8 18. Qb6 Qxb6 19. Bxb6 a4 20. Be3 g6 21. Kd2 Kg7
22. Rhc1 Rc6 23. Rab1 Rhc8 24. Bf1 Bd8 25. b4 a3 26. Rb3 d5 27. exd5 Bxd5 28.
Rxa3 Bxc4 29. Rac3 Bd5 30. Rxc6 Bxc6 31. Bb5 Bb7 32. Rxc8 Bxc8 33. Bc6 1-0

[Event "Fagernes GM Open 2014"]
[Site "Fagernes NOR"]
[Date "2014.04.14"]
[Round "2.7"]
[White "Wallace, John Paul"]
[Black "Bok, Benjamin"]
[Result "0-1"]
[WhiteTitle "IM"]
[BlackTitle "IM"]
[WhiteElo "2402"]
[BlackElo "2590"]
[WhiteFideId "3200957"]
[BlackFideId "1017063"]
[EventDate "2014.04.13"]

1. d4 Nf6 2. c4 e6 3. Nf3 b6 4. Nc3 Bb7 5. Bg5 h6 6. Bh4 d6 7. h3 Nbd7 8. Qc2
Be7 9. O-O-O c5 10. d5 exd5 11. cxd5 a6 12. e4 b5 13. Bg3 O-O 14. Be2 Re8 15.
Rhe1 Bf8 16. Bf1 Rc8 17. Kb1 c4 18. a3 Nc5 19. Nd4 g6 20. f4 Bg7 21. Bf2 Nfd7
22. Nf3 Nb3 23. e5 dxe5 24. f5 g5 25. d6 Qf6 26. Nd5 Bxd5 27. Rxd5 e4 28. Nh2 h5
29. Be2 e3 30. Bg3 Nb6 31. Red1 Nd2+ 32. R5xd2 exd2 33. Bxh5 c3 34. Ng4 Qd4 35.
Bf2 Qxd6 36. f6 cxb2 37. Bxf7+ Kxf7 38. Qh7 Rc1+ 39. Kxb2 Nc4+ 40. Kb3 Qxa3# 0-1

[Event "Fagernes GM Open 2014"]
[Site "Fagernes NOR"]
[Date "2014.04.14"]
[Round "2.8"]
[White "Kveinys, Aloyzas"]
[Black "Haria, Ravi"]
[Result "1-0"]
[WhiteTitle "GM"]
[WhiteElo "2543"]
[BlackElo "2207"]
[WhiteFideId "12800040"]
[BlackFideId "415820"]
[EventDate "2014.04.13"]

1. d4 e6 2. Nf3 Nf6 3. c4 d5 4. Bg5 Bb4+ 5. Nbd2 dxc4 6. e3 c5 7. dxc5 h6 8. Bf4
Nc6 9. Bxc4 g5 10. Bd6 Ne4 11. a3 Bxd2+ 12. Nxd2 Nxd6 13. cxd6 Qxd6 14. O-O Ke7
15. Qe2 b6 16. Rfd1 Qe5 17. Nf3 Qf6 18. Rac1 Bb7 19. Ba6 Bxa6 20. Qxa6 Nd8 21.
Rc7+ Kf8 22. Rxa7 Rb8 23. Qc4 Kg7 24. Qc7 Qxb2 25. h3 1-0

[Event "Fagernes GM Open 2014"]
[Site "Fagernes NOR"]
[Date "2014.04.14"]
[Round "2.9"]
[White "Haug, Johannes"]
[Black "Boruchovsky, Avital"]
[Result "0-1"]
[BlackTitle "IM"]
[WhiteElo "2096"]
[BlackElo "2492"]
[WhiteFideId "1509268"]
[BlackFideId "2800055"]
[EventDate "2014.04.13"]

1. e4 e5 2. Nf3 Nc6 3. Bb5 a6 4. Bxc6 dxc6 5. O-O f6 6. d4 exd4 7. Nxd4 c5 8.
Nb3 Qxd1 9. Rxd1 Bg4 10. f3 Be6 11. Be3 b6 12. Nc3 Bd6 13. a4 O-O-O 14. a5 Bxb3
15. cxb3 b5 16. Rac1 Ne7 17. Nd5 Nxd5 18. exd5 Rhe8 19. Bxc5 Re2 20. Bxd6 Rxd6
21. Rc5 Kb7 22. Rdc1 Rd7 23. d6 cxd6 24. Rc6 Re1+ 25. Kf2 Rxc1 26. Rxc1 Re7 27.
g4 Re5 28. b4 h5 29. h3 h4 30. Rd1 Kc6 31. Rd4 Kd7 32. Rd3 Re8 33. Rc3 g6 34.
Rc1 Re5 35. Rd1 Re8 36. Rc1 d5 37. Rc3 Kd6 38. Re3 Rc8 39. Rc3 Rc4 40. Rxc4 dxc4
41. f4 Kd5 42. Ke3 g5 43. f5 Ke5 44. Kd2 Kf4 45. Ke2 Kg3 46. Ke3 Kxh3 47. Kf3
Kh2 48. Kf2 h3 0-1

[Event "Fagernes GM Open 2014"]
[Site "Fagernes NOR"]
[Date "2014.04.14"]
[Round "2.10"]
[White "Mihajlov, Sebastian"]
[Black "Johannessen, Leif Erlend"]
[Result "1/2-1/2"]
[WhiteTitle "CM"]
[BlackTitle "GM"]
[WhiteElo "2197"]
[BlackElo "2530"]
[WhiteFideId "1512110"]
[BlackFideId "1501674"]
[EventDate "2014.04.13"]

1. d4 Nf6 2. c4 e5 3. dxe5 Ng4 4. Nf3 Bc5 5. e3 Nc6 6. a3 a5 7. Nc3 O-O 8. Be2
Re8 9. O-O Ngxe5 10. Ne4 Ba7 11. Bd2 d6 12. Ng3 Nxf3+ 13. Bxf3 Qh4 14. Bxc6 bxc6
15. Qf3 Qxc4 16. Rac1 Qb5 17. Bc3 Qd5 18. Nh5 Qxf3 19. gxf3 Re6 20. Kh1 Rg6 21.
Nf4 Rg5 22. Rg1 Rxg1+ 23. Rxg1 g6 24. Nh5 1/2-1/2

[Event "Fagernes GM Open 2014"]
[Site "Fagernes NOR"]
[Date "2014.04.14"]
[Round "2.11"]
[White "Lillevold, Frode"]
[Black "Elsness, Frode"]
[Result "1-0"]
[BlackTitle "IM"]
[WhiteElo "2182"]
[BlackElo "2483"]
[WhiteFideId "1502913"]
[BlackFideId "1501100"]
[EventDate "2014.04.13"]

1. d4 Nf6 2. c4 e6 3. Nc3 Bb4 4. Nf3 b6 5. e3 Bb7 6. Bd3 Ne4 7. Bd2 Nxd2 8. Qxd2
c5 9. a3 Bxc3 10. Qxc3 O-O 11. dxc5 bxc5 12. Qe5 Bxf3 13. gxf3 Nc6 14. Qxc5 Qf6
15. f4 Rab8 16. Rb1 Rxb2 17. Rxb2 Qxb2 18. O-O Qb8 19. Rb1 Qc7 20. Bxh7+ Kxh7
21. Qxf8 Kg6 22. Rb5 f5 23. h4 Kh7 24. Kh2 d6 25. Rb1 Ne7 26. Rb8 Ng6 27. Qg8+
Kh6 28. h5 Qe7 29. Qh8+ Nxh8 30. Rxh8# 1-0

[Event "Fagernes GM Open 2014"]
[Site "Fagernes NOR"]
[Date "2014.04.14"]
[Round "2.12"]
[White "Christiansen, Johan-Sebastian"]
[Black "Hansen, Torbjorn Ringdal"]
[Result "1/2-1/2"]
[BlackTitle "IM"]
[WhiteElo "2207"]
[BlackElo "2469"]
[WhiteFideId "1512668"]
[BlackFideId "1501720"]
[EventDate "2014.04.13"]

1. c4 g6 2. g3 Bg7 3. Bg2 c5 4. Nf3 Nc6 5. Nc3 e6 6. h4 h6 7. d4 cxd4 8. Nb5 d5
9. cxd5 Qa5+ 10. Kf1 Qxb5 11. dxc6 Qxc6 12. h5 gxh5 13. Rxh5 Qb6 14. a4 Bd7 15.
a5 Qa6 16. Nxd4 Rd8 17. Be3 Nf6 18. Rh4 e5 19. Nb3 Ng4 20. Bd2 Qb5 21. Bf3 h5
22. Rc1 Bf6 23. Rh1 Bf5 24. Rc5 Qa4 25. Bxb7 Be4 26. Ba6 Bxh1 27. Bb5+ Qxb5 28.
Rxb5 h4 29. gxh4 Bc6 30. Rb4 Rxh4 31. Rxg4 Rxg4 32. f3 Rc4 33. Qb1 e4 34. Bc3
Bxc3 35. bxc3 Rb8 36. Qd1 Rxc3 37. Nd4 Bd7 38. Qd2 Rbc8 39. Qg5 exf3 40. Qe5+
Be6 41. Nxe6 fxe2+ 42. Kg2 fxe6 1/2-1/2

[Event "Fagernes GM Open 2014"]
[Site "Fagernes NOR"]
[Date "2014.04.14"]
[Round "2.13"]
[White "Hammer, Jon Ludvig"]
[Black "Dolzhikova, Olga"]
[Result "1-0"]
[WhiteTitle "GM"]
[BlackTitle "WGM"]
[WhiteElo "2647"]
[BlackElo "2209"]
[WhiteFideId "1503707"]
[BlackFideId "14105870"]
[EventDate "2014.04.13"]

1. d4 Nf6 2. c4 e6 3. Nf3 c5 4. d5 b5 5. e4 Nxe4 6. Bd3 Nf6 7. O-O Be7 8. Nc3 b4
9. Ne4 Bb7 10. Re1 Nxd5 11. cxd5 Bxd5 12. Nfg5 Nc6 13. Qh5 g6 14. Qh6 Bf8 15.
Qh3 f5 16. Ng3 Qf6 17. Bxf5 gxf5 18. Nh5 Qd4 19. Be3 Qxb2 20. Rab1 Qxa2 21. Nf6+
Ke7 22. Nxd5+ Qxd5 23. Rbd1 Qc4 24. Qh5 e5 25. Bxc5+ Kd8 26. Bxf8 Rxf8 27. Qxh7
Nd4 28. Rxe5 Kc8 29. Qe7 Nc6 30. Rc5 1-0

[Event "Fagernes GM Open 2014"]
[Site "Fagernes NOR"]
[Date "2014.04.14"]
[Round "2.14"]
[White "Urkedal, Frode"]
[Black "Hagesather, Ellen"]
[Result "1-0"]
[WhiteTitle "IM"]
[BlackTitle "WIM"]
[WhiteElo "2494"]
[BlackElo "2204"]
[WhiteFideId "1506102"]
[BlackFideId "1501909"]
[EventDate "2014.04.13"]

1. d4 f5 2. Bg5 c6 3. Nc3 Qb6 4. Qd2 h6 5. Bf4 d6 6. h4 g6 7. O-O-O Nf6 8. f3
Nd5 9. e4 Nxf4 10. Qxf4 h5 11. Qg3 Bh6+ 12. Kb1 Rg8 13. Nh3 fxe4 14. Nxe4 Bf5
15. Bd3 Bg7 16. Nxd6+ exd6 17. Bxf5 gxf5 18. Qxd6 1-0

[Event "Fagernes GM Open 2014"]
[Site "Fagernes NOR"]
[Date "2014.04.14"]
[Round "2.15"]
[White "Andersen, Alf R."]
[Black "Djurhuus, Rune"]
[Result "0-1"]
[BlackTitle "GM"]
[WhiteElo "2230"]
[BlackElo "2447"]
[WhiteFideId "1503120"]
[BlackFideId "1500082"]
[EventDate "2014.04.13"]

1. e4 c5 2. a3 g6 3. b4 Bg7 4. Nc3 b6 5. g3 Bb7 6. Bg2 f5 7. bxc5 bxc5 8. Rb1
Bc6 9. Nge2 Nf6 10. d3 O-O 11. O-O d5 12. Nf4 d4 13. Ncd5 Qd7 14. Nxf6+ Bxf6 15.
Nd5 Bg7 16. Qd2 e6 17. Nf4 fxe4 18. dxe4 Qd6 19. Qd3 Nd7 20. Qc4 Rfe8 21. Nd3
Rac8 22. Bf4 Qe7 23. h4 Ba8 24. Rfe1 h6 25. Bh3 Nb6 26. Qa6 c4 27. Nb4 Rc5 28.
Na2 g5 29. hxg5 hxg5 30. Bc1 Rf8 31. Rb5 Re5 32. Qa5 Qf7 33. Rxe5 Qxf2+ 34. Kh1
Bxe5 35. Bxe6+ Kh7 36. Qxe5 Qxe1+ 37. Kh2 Qxe4 38. Qc7+ Kh8 39. Kh3 Qxe6+ 0-1

[Event "Fagernes GM Open 2014"]
[Site "Fagernes NOR"]
[Date "2014.04.14"]
[Round "2.16"]
[White "Tari, Aryan"]
[Black "Bjerke, Richard"]
[Result "1-0"]
[WhiteTitle "IM"]
[BlackTitle "FM"]
[WhiteElo "2387"]
[BlackElo "2194"]
[WhiteFideId "1510045"]
[BlackFideId "1500252"]
[EventDate "2014.04.13"]

1. c4 Nf6 2. d4 c5 3. d5 e6 4. Nc3 exd5 5. cxd5 d6 6. Nf3 g6 7. h3 Bg7 8. e4 O-O
9. Bd3 b5 10. Nxb5 Re8 11. O-O Nxe4 12. Re1 Nf6 13. Rxe8+ Nxe8 14. Bg5 Nf6 15.
Qd2 a6 16. Nc3 Nbd7 17. Re1 Qf8 18. h4 Bb7 19. Bc2 Nb6 20. Bb3 Rc8 21. Qf4 Nbd7
22. Ne4 Nxe4 23. Qxe4 Nf6 24. Qf4 Nh5 25. Qa4 Nf6 26. Qf4 Nh5 27. Qa4 Nf6 28.
Bc4 Nxd5 29. Qb3 Nb4 30. Be7 Qe8 31. Bxd6 Qc6 32. Bxf7+ Kh8 33. Be5 Bxe5 34.
Rxe5 Qf6 35. Re3 Rf8 36. Bc4 Bc8 37. a3 Nc6 38. Qb6 Rd8 39. Qxc5 Rd1+ 40. Re1
Rxe1+ 41. Nxe1 1-0

[Event "Fagernes GM Open 2014"]
[Site "Fagernes NOR"]
[Date "2014.04.14"]
[Round "2.17"]
[White "Guttulsrud, Odd Martin"]
[Black "Salomon, Johan"]
[Result "0-1"]
[WhiteTitle "CM"]
[WhiteElo "2206"]
[BlackElo "2343"]
[WhiteFideId "1507249"]
[BlackFideId "1509500"]
[EventDate "2014.04.13"]

1. e4 e5 2. Nf3 Nc6 3. Bb5 Nf6 4. d3 d6 5. c3 Bd7 6. Ba4 g6 7. O-O Bg7 8. Nbd2
O-O 9. Re1 Nh5 10. Nf1 Kh8 11. Ne3 Nf4 12. Bc2 f5 13. d4 fxe4 14. Bxe4 exd4 15.
cxd4 Qf6 16. d5 Ne5 17. Nxe5 Qxe5 18. Nc4 Qg5 19. Bf3 Nh3+ 20. Kf1 Qh4 21. gxh3
Qxc4+ 22. Kg1 Qh4 23. Re4 Qxh3 24. Bg2 Qf5 25. Be3 c5 26. dxc6 Bxc6 27. Rf4 Qe5
28. Rxf8+ Rxf8 29. Bxc6 bxc6 30. Qa4 Qxb2 31. Rd1 Be5 32. Qxa7 Qe2 33. Qa4 Qh5
34. Bd4 Qxh2+ 35. Kf1 Qh1+ 36. Ke2 Qe4+ 37. Kf1 Bxd4 38. Qxd4+ Qxd4 39. Rxd4 d5
40. a4 Rf3 41. Ke2 Ra3 42. f4 Kg7 43. Kd2 Kf6 44. Kc2 c5 45. Rxd5 Rxa4 46. f5 g5
47. Rxc5 Rd4 48. Kc3 Rd7 0-1

[Event "Fagernes GM Open 2014"]
[Site "Fagernes NOR"]
[Date "2014.04.14"]
[Round "2.18"]
[White "Hauge, Lars Oskar"]
[Black "Hagesather, Arne"]
[Result "1-0"]
[WhiteTitle "FM"]
[WhiteElo "2330"]
[BlackElo "2143"]
[WhiteFideId "1509276"]
[BlackFideId "1502476"]
[EventDate "2014.04.13"]

1. e4 c6 2. d4 d5 3. e5 c5 4. dxc5 e6 5. a3 a5 6. c4 Qc7 7. Nf3 dxc4 8. Bxc4
Bxc5 9. O-O Ne7 10. Bd3 Nbc6 11. Bf4 h6 12. Nc3 Nd5 13. Nxd5 exd5 14. Rc1 Qe7
15. Bb1 Be6 16. Bg3 g5 17. Qa4 Rd8 18. b4 axb4 19. axb4 Bb6 20. Rxc6 Qd7 21.
Rxe6+ fxe6 22. Qc2 Rc8 23. Qd3 Rc4 24. Bc2 Qg7 25. Ba4+ Ke7 26. Bb3 Rc6 27. Nd4
Bxd4 28. Qxd4 Rhc8 29. f4 Rc1 30. f5 Qf7 31. f6+ Kf8 32. Be1 Qg6 33. b5 Kf7 34.
Bxd5 Qb1 35. Be4 Qxb5 36. Bg6+ Kg8 37. Qd6 1-0

[Event "Fagernes GM Open 2014"]
[Site "Fagernes NOR"]
[Date "2014.04.14"]
[Round "2.19"]
[White "Merkesvik, Sondre"]
[Black "Holm, Kristian Stuvik"]
[Result "0-1"]
[BlackTitle "FM"]
[WhiteElo "2042"]
[BlackElo "2321"]
[WhiteFideId "1514350"]
[BlackFideId "1508083"]
[EventDate "2014.04.13"]

1. d4 Nf6 2. Nf3 e6 3. g3 d5 4. Bg2 Be7 5. c4 O-O 6. O-O dxc4 7. Ne5 Nc6 8. Nxc6
bxc6 9. e3 Nd5 10. Qa4 Nb6 11. Qxc6 Bd7 12. Qe4 c5 13. Nc3 Rc8 14. d5 exd5 15.
Nxd5 Nxd5 16. Qxd5 Be6 17. Qh5 Bf6 18. e4 Bd4 19. Qe2 Qb6 20. Rb1 Qa5 21. b3
cxb3 22. axb3 Rb8 23. Qc2 Rb5 24. Bf4 Qb6 25. Rfc1 Rxb3 26. Bf1 c4 27. Kg2 Qb7
28. Be2 Rb2 29. Rxb2 Bxb2 30. Rb1 c3 31. Be5 Bb3 32. Qd3 c2 33. Bxb2 cxb1=Q 34.
Qxb1 Be6 35. Qa1 f5 36. Ba3 Rc8 0-1

[Event "Fagernes GM Open 2014"]
[Site "Fagernes NOR"]
[Date "2014.04.14"]
[Round "2.20"]
[White "Kvisvik, Brede"]
[Black "Jorgensen, Line Jin"]
[Result "1-0"]
[WhiteTitle "FM"]
[WhiteElo "2300"]
[BlackElo "1926"]
[WhiteFideId "1502999"]
[BlackFideId "1505467"]
[EventDate "2014.04.13"]

1. d4 d5 2. c4 e6 3. Nf3 Nf6 4. g3 Be7 5. Bg2 O-O 6. O-O c6 7. Qc2 Nbd7 8. Nbd2
Re8 9. Rd1 Nf8 10. e4 dxe4 11. Nxe4 Nxe4 12. Qxe4 Ng6 13. h4 Bd6 14. h5 Nf8 15.
Bg5 f6 16. Bf4 Bb8 17. Bxb8 Rxb8 18. Qf4 Bd7 19. g4 h6 20. Re1 Qb6 21. b3 Qb4
22. Re4 c5 23. Qd6 Qc3 24. Rd1 Kh8 25. Qxc5 Qc2 26. Rde1 Qxa2 27. R4e3 b5 28.
Bf1 Rbc8 29. Qd6 a6 30. Nh4 Rcd8 31. Bd3 Bc8 32. Qf4 Qb2 33. d5 Qd2 34. Qe4 f5
35. gxf5 bxc4 36. bxc4 Nh7 37. Ng6+ Kg8 38. fxe6 Nf6 39. Qf3 Bxe6 40. Rxe6 Rxe6
41. Rxe6 1-0

[Event "Fagernes GM Open 2014"]
[Site "Fagernes NOR"]
[Date "2014.04.14"]
[Round "2.21"]
[White "Djurhuus, Eivind X"]
[Black "Flermoen, Peter"]
[Result "1/2-1/2"]
[BlackTitle "CM"]
[WhiteElo "1977"]
[BlackElo "2232"]
[WhiteFideId "1515721"]
[BlackFideId "1507303"]
[EventDate "2014.04.13"]

1. c4 e5 2. g3 Nc6 3. Nc3 g6 4. Bg2 Bg7 5. e4 Nge7 6. Nge2 d6 7. O-O Be6 8. d3
Qd7 9. Nd5 Bxd5 10. cxd5 Nd8 11. d4 O-O 12. f4 exd4 13. Nxd4 c6 14. dxc6 Ndxc6
15. Nb5 Rad8 16. Nc3 f5 17. Qb3+ Kh8 18. Be3 fxe4 19. Nxe4 Nf5 20. Rad1 Na5 21.
Qd3 Nc4 22. Bc1 Nxb2 23. Bxb2 Bxb2 24. Nc5 Qc8 25. Nxb7 Rd7 26. Qb3 Bg7 27. Rd3
d5 28. Rb1 Nd4 29. Qb4 Ne2+ 30. Kh1 Nc3 31. Rb3 Nxa2 32. Qd2 Qc1+ 33. Qd1 Re8
34. Qxc1 Nxc1 35. Re3 Rc8 36. Bh3 Nxb3 37. Bxd7 Rc7 38. Re8+ Bf8 39. Rxf8+ Kg7
40. Rd8 Rxb7 41. Bc6 Rc7 42. Bxd5 Nd2 43. Kg2 Nb1 44. Rg8+ Kf6 45. Rf8+ Kg7 46.
Rg8+ Kf6 47. Rf8+ 1/2-1/2

[Event "Fagernes GM Open 2014"]
[Site "Fagernes NOR"]
[Date "2014.04.15"]
[Round "3.1"]
[White "Romanov, Evgeny"]
[Black "Turov, Maxim"]
[Result "1-0"]
[WhiteTitle "GM"]
[BlackTitle "GM"]
[WhiteElo "2642"]
[BlackElo "2593"]
[WhiteFideId "4148843"]
[BlackFideId "4120086"]
[EventDate "2014.04.13"]

1. e4 c6 2. d4 d5 3. exd5 cxd5 4. Bd3 Nc6 5. c3 Qc7 6. h3 Nf6 7. Nf3 g6 8. O-O
Bg7 9. Re1 O-O 10. Na3 Bf5 11. Bf1 a6 12. Nc2 Bxc2 13. Qxc2 b5 14. a4 Qb6 15.
axb5 axb5 16. Rxa8 Rxa8 17. Qb3 Rb8 18. Bf4 Rb7 19. Ne5 Nxe5 20. Bxe5 e6 21. Ra1
Qd8 22. Qa3 Nd7 23. Qa6 Rb6 24. Qa8 Nb8 25. Bf4 Bf8 26. b4 Bd6 27. Bxd6 Qxd6 28.
Ra7 Kg7 29. Rb7 Na6 30. Qa7 Rxb7 31. Qxb7 Nxb4 32. cxb4 Qxb4 33. Qb6 Qb2 34.
Bxb5 Qb1+ 35. Kh2 Qb2 36. Kg1 Qb1+ 37. Kh2 Qb2 38. f3 h5 39. Qc5 h4 40. Kg1 Qd2
41. Kf1 Qd1+ 42. Kf2 Qd2+ 43. Be2 g5 44. Qa7 Qf4 45. Qa1 Qg3+ 46. Kg1 Qf4 47.
Qc3 Kf6 48. Bf1 Kg7 49. Kf2 Qg3+ 50. Ke2 Qb8 51. Qe3 Kf6 52. Kf2 Qg3+ 53. Kg1
Qc7 54. f4 gxf4 55. Qe1 Kg5 56. Qe2 Kf5 57. Qd3+ Kf6 58. Qh7 Qc1 59. Qxh4+ Kg7
60. Qg5+ Kf8 61. Qe5 Ke7 62. Kf2 f6 63. Qe2 Qc3 64. Qd3 Qc1 65. Be2 e5 66. dxe5
fxe5 67. Qxd5 Qe3+ 68. Kf1 e4 69. Qe5+ Kf8 70. Qf6+ Kg8 71. Bc4+ Kh7 72. Qf7+
Kh6 73. Qf8+ Kg6 74. Bf7+ Kf6 75. Bg8+ Kg6 76. Qf7+ Kg5 77. h4+ Kxh4 78. Qf6+
Kg3 79. Qg5+ 1-0

[Event "Fagernes GM Open 2014"]
[Site "Fagernes NOR"]
[Date "2014.04.15"]
[Round "3.2"]
[White "Bok, Benjamin"]
[Black "Gajewski, Grzegorz"]
[Result "1-0"]
[WhiteTitle "IM"]
[BlackTitle "GM"]
[WhiteElo "2590"]
[BlackElo "2631"]
[WhiteFideId "1017063"]
[BlackFideId "1116207"]
[EventDate "2014.04.13"]

1. e4 c5 2. Nf3 d6 3. d4 cxd4 4. Nxd4 Nf6 5. Nc3 a6 6. Be3 e5 7. Nf3 Qc7 8. a4
Be7 9. Be2 O-O 10. O-O Be6 11. a5 h6 12. Nd5 Nxd5 13. exd5 Bg4 14. Bb6 Qc8 15.
Nd2 Bxe2 16. Qxe2 Qxc2 17. Rfc1 Qf5 18. Rc7 Bd8 19. g4 Qg6 20. Rxb7 Qc2 21. Qc4
Qxb2 22. Ra2 Qb5 23. Rc2 Bg5 24. Ne4 Qb1+ 25. Kg2 Bf4 26. Qd3 Qb5 27. Rc3 h5 28.
h3 Qb4 29. Rcc7 Qb5 30. Nf6+ gxf6 31. Qg6+ Kh8 32. Qxh5+ Kg8 33. Qg6+ Kh8 34.
Qxf6+ Kg8 35. Qg6+ Kh8 36. Rxf7 1-0